Event to Country - Statistics

General Stats
  • This quiz has been taken 121 times
    89 since last reset
  • The average score is 12 of 13
Answer Stats
Event Country % Correct
The Challenger Space Shuttle explosion of 1986 that killed the entire crew. United States
100%
Nelson Mandela protests against the Apartheid in 1991. South Africa
98%
Yuri Gagarin becomes the first person to travel into space. USSR (Present Day Russia)
98%
Gandhi protests with a fasting movement. India
96%
Justin Trudeau becomes the new prime minister. Canada
94%
The explosion of Chernobyl's nuclear power plant. USSR (Present Day Ukraine)
94%
The massacre at Tiananmen Square in 1989. China
91%
The mass murder of millions of Jews in the concentration camp Auschwitz. Poland
90%
Alexander the Great renames the capital "Alexandria". Egypt
89%
Captain James Cook discovers this country in 1788. Australia
85%
The Bay of Pigs Invasion in 1962. Cuba
85%
Yitzhak Rabin becomes the fifth prime minister of this country. Israel
82%
Missile strikes are conducted against this country by the United States, United Kingdom, and France as a result of chemical attacks. Syria
54%
No matching quizzes found
Score Distribution
Percent of People with Each Score
Percentile by Number Answered
Your Score History
You have not taken this quiz since the last reset